000 00697cam a22002293a 4500
001 3003
003 PGUSA
005 20140828083024.0
008 020101s2002||||xxu|||||s|||||000 | eng d
040 _aPGUSA
_beng
042 _adc
050 4 _aQK
100 1 _aBlanchan, Neltje,
_d1865-1918
245 1 0 _aWild Flowers :
_bAn Aid to Knowledge of Our Wild Flowers and Their Insect Visitors
_h[electronic resource] /
_cNeltje Blanchan
260 _bProject Gutenberg,
_c2002
506 _aPublic domain in the USA.
516 _aElectronic text
653 _aWild flowers -- North America
830 0 _aProject Gutenberg
_v3003
856 4 0 _uhttp://www.gutenberg.org/ebooks/3003
942 _cEB
999 _c232333
_d232333